Statistics for The Incredible Hulk Franchise

Click here to take the quiz!

General Stats

  • This quiz has been taken 7 times
  • The average score is 12 of 29

Answer Stats

Type Year Name Info % Correct
Film2003HulkUniversal
100%
TV Show1977-1982The Incredible HulkCBS
100%
Film2010Planet HulkLionsgate
33%
Film2009Hulk Vs.Lionsgate
17%
TV Film1988The Incredible Hulk ReturnsNBC
17%
Novel1997Spider-Man and the Incredible Hulk: Doom's Day Book Two: SabotagePierce Askegren / Danny Figeroth
0%
Video Game2005The Incredible Hulk: Ultimate DestructionVivendi Universal Games
0%
Short Story Collection1998The Ultimate HulkStan Lee / Peter David
0%
Novel1997The Incredible Hulk: AbominationsJason Henderson
0%
Novel1997Spider-Man and the Incredible Hulk: Doom's Day Book Three: WreckageEric Fein / Pierce Askegren
0%
Video Game1996The Incredible Hulk: The Pantheon SagaEidos Interactive
0%
Novel1978The Incredible Hulk: Stalker from the StarsLen Wein
0%
Novel1996Spider-Man and the Incredible Hulk: Doom's Day Book One: RampageDanny Figeroth / Eric Fein
0%
Novel1995The Incredible Hulk: What Savage BeastPeter David
0%
TV Film1990The Death of the Incredible HulkNBC
0%
TV Film1989The Trial of The Incredible HulkNBC
0%
Video Game1984QuestprobeAdventure International
0%
Novel1979The Hulk and Spider-Man: MurdermoonPaul Kupperberg
0%
Novel1979The Incredible Hulk: Cry of the BeastRichard S. Meyer
0%
Film2016Hulk: Where Monsters DwellDisney
0%

Score Distribution

Percentile by Number Answered

Percent of People with Each Score

Your Score History

You have not taken this quiz